01206cam a22002771a 4500001001300000003000400013005001700017008004100034010001700075035001900092040002300111050002400134070002200158072000900180100002100189245018200210260004400392300006600436440004900502500002000551501024300571650002500814650002400839700004800863700001700911gs 49000156 DLC20260227111355.0761113s1949 dcuabf f001 0 eng  ags 49000156  a(OCoLC)2556741 aDLCcTxdDNALdDLC00aTC801b.U2 no. 10690 a407bG29W no.1069 0aP2001 aSundstrom, R. W.10aPublic water supplies in central and north-central Texas /cby R.W. Sundstrom, W.L. Broadhurst, and B.C. Dwyer ; prepared in cooperation with the Texas Board of Water Engineers. aWashington, D.C. :bU.S. G.P.O.,c1949. avii, 128 p., [1] folded leaf of plates :bill., map ;c24 cm. 0aGeological Survey water-supply paper ;v1069 aIncludes index. aWith: Geology and ground-water resources of St. Croix, Virgin Islands : ground-water resources of a moderately dry Caribbean island / by D.J. Cederstrom. Washington : Govt. Print. Off., 1950. Bound together subsequent to publication.5DLC 0aWater-supplyzTexas. 0aWaterxComposition.1 aBroadhurst, W. L.q(William Leslie),d1905-1 aDwyer, B. C.